Loading...

Spicer and peglers practical auditing /

Bibliographic Details
Other Authors: Bigg, Walter W.
Format: Printed Book
Published: New delhi: Allied publishers, 1989.
Edition:5th rev. ed.
Subjects:
LEADER 00498cam a2200157ua 4500
082 |a 657.45  |b SPI/P 
245 1 0 |a Spicer and peglers practical auditing /  
250 |a 5th rev. ed. 
260 |a New delhi:  |b Allied publishers,  |c 1989. 
300 |a xxvii,948p.. 
500 |a Includes index. 
650 0 |a Accounting 
700 0 2 |a Bigg, Walter W. 
942 |c BK 
999 |c 13975  |d 13975 
952 |0 0  |1 0  |4 0  |6 657_450000000000000_SPI  |7 0  |9 14571  |a KUCL  |b KUCL  |d 2014-05-23  |l 0  |o 657.45 SPI/  |p 10474  |r 2014-05-23  |w 2014-05-23  |y BK